Click the Combinations! - Statistics

General Stats
  • This quiz has been taken 57 times
  • The average score is 79 of 90
Answer Stats
Hint Answer % Correct
B4 B4
93%
B9 B9
93%
C1 C1
93%
C5 C5
93%
D4 D4
93%
F7 F7
93%
G7 G7
93%
G8 G8
93%
A1 A1
91%
A3 A3
91%
B1 B1
91%
B2 B2
91%
C7 C7
91%
D3 D3
91%
D9 D9
91%
E4 E4
91%
F3 F3
91%
G1 G1
91%
G4 G4
91%
I1 I1
91%
I2 I2
91%
I6 I6
91%
J3 J3
91%
J4 J4
91%
A4 A4
89%
A5 A5
89%
B7 B7
89%
B8 B8
89%
C6 C6
89%
D5 D5
89%
E2 E2
89%
E9 E9
89%
F1 F1
89%
F2 F2
89%
F4 F4
89%
F9 F9
89%
H1 H1
89%
H3 H3
89%
H5 H5
89%
H8 H8
89%
I5 I5
89%
J2 J2
89%
J7 J7
89%
J8 J8
89%
J9 J9
89%
A2 A2
87%
A7 A7
87%
B3 B3
87%
B5 B5
87%
B6 B6
87%
C2 C2
87%
C3 C3
87%
C4 C4
87%
C9 C9
87%
D2 D2
87%
D6 D6
87%
D7 D7
87%
D8 D8
87%
E1 E1
87%
E3 E3
87%
E7 E7
87%
E8 E8
87%
F5 F5
87%
F8 F8
87%
G5 G5
87%
G6 G6
87%
G9 G9
87%
H2 H2
87%
H4 H4
87%
H7 H7
87%
I7 I7
87%
I8 I8
87%
I9 I9
87%
A9 A9
84%
D1 D1
84%
E6 E6
84%
G3 G3
84%
H6 H6
84%
H9 H9
84%
I3 I3
84%
I4 I4
84%
J1 J1
84%
J5 J5
84%
A8 A8
82%
C8 C8
82%
E5 E5
82%
F6 F6
82%
G2 G2
82%
A6 A6
80%
J6 J6
78%
No matching quizzes found
Score Distribution
Percent of People with Each Score
Percentile by Number Answered
Your Score History
You have not taken this quiz